Japanese Quiz 1 - Statistics

General Stats
  • This quiz has been taken 6 times
  • The average score is 24 of 34
Answer Stats
Hint Answer % Correct
anime cartoons
100%
shiidii CD
100%
manga comics
100%
konpyuutaa computer
100%
diibuiidii DVD
100%
intaanetto internet
100%
toshokan library
100%
zasshi magazine
100%
ongaku music
100%
repooto report/paper
100%
sumaatofon/sumaho smartphone
100%
shimasu [suru] to do
100%
kikimasu [kiku] to listen/hear
100%
benkyoo (o) shimasu to study
100%
terebi TV
100%
bideo video
100%
terebi geemu video game
100%
shokudoo cafeteria
50%
keetai cell phone
50%
tegami letter
50%
nyuusu news
50%
shinbun newspaper
50%
pasokan personal computer
50%
rajio radio
50%
baiten snack bar/kiosk
50%
denwa telephone
50%
meeru (o) shimasu to email/text
50%
yomimasu [yomu] to read
50%
taipu (o) shimasu to type
50%
mimasu [miru] to watch/look/see
50%
kakimasu [kaku] to write/draw
50%
dooga internet video/motion picture
0%
de of, with, on, in
0%
person + to (issho ni) (together) with person
0%
No matching quizzes found
Score Distribution
Percent of People with Each Score
Percentile by Number Answered
Your Score History
You have not taken this quiz